00929nam a2200241Ia 4500001000600000003000900006008004100015040001300056040001300069041001300082100002500095100002900120245006400149245007100213250001100284260001200295260001300307260004900320300005900369500019800428650003000626650003100656G5382IT-RoPAU130308s9999 xx 000 0 und d aIT-RoPAU cIT-RoPAU aITALIANO aWagstaff Christopher gCodice Aut. SPICS: 53193 aAssenza dell'oggi (L'). il cinema italiano in gran Bretagna bCinema della Transizione (Il). scenari Italiani degli Anni Novanta a1a ed. aVENEZIA bMarsilio c2000 [1° Ed.:2000 - Ed.Ling.Originale:2000] a"16 p. (prefazione: no ; testo: 16 [pagine: 439-454])" aFilm Italiano Apprezzato in gran Bretagna. Elenco dei Film Italiani Distribuiti in gran Bretagna dal 1990 al 1999, Film Trasmessi in Televisione o Venduti in videocassetta Nello Stesso Periodo. aTEORICHE CINEMATOGRAFICHE eCodice materia Spics: 6805